Kluby piłkarskie danych miejscowości - Statystyki

Ogólne statystyki
  • Ten quiz został rozwiązany 148 razy
    114 od ostatniego zresetowania
  • Średni wynik to 7 z 15
Statystyki odpowiedzi
Miasto Klub % Poprawnych
Radzionków Ruch
83%
Świdnik Avia
68%
Łowicz Pelikan
65%
Police Chemik
59%
Konin Górnik
59%
Wągrowiec Nielba
49%
Sieradz Warta
49%
Krosno Karpaty
46%
Kraśnik Stal
44%
Ząbki Ząbkovia
38%
Grajewo Warmia
31%
Mińsk Mazowiecki Mazovia
28%
Skarżysko-Kamienna Granat
22%
Biała Piska Znicz
21%
Dęblin Czarni/Orlęta
14%
Nie znaleziono quizów pasujących do podanych kryteriów
Rozkład punktacji
Procent ludzi z każdym wynikiem
Percentyl według liczby udzielonych odpowiedzi
Twoja historia wyników
Nie rozwiązałeś tego quizu od ostatniego zresetowania